[Event "Challenge"]
[Site "http://www.queenalice.com/game.php?id=380019"]
[Date "2008.3.31"]
[Round "-"]
[White "elrey"]
[Black "chevago04"]
[Result "1-0"]
[WhiteElo "1837"]
[BlackElo "1796"]

1. d4 c5 2. d5 b6 3. e4 Bb7 4. Nc3 a6 5. Bd3 e6 6. Nf3 h6 7. O-O g6 8. a4 g5 9.
Ne5 Bg7 10. Nc4 d6 11. dxe6 fxe6 12. Qg4 Bc8 13. e5 Bxe5 14. Qh5+ Kd7 15. Nxe5+
dxe5 16. Rd1 Kc7 17. Be4 1-0

[Event "Challenge"]
[Site "http://www.queenalice.com/game.php?id=383645"]
[Date "2008.4.7"]
[Round "-"]
[White "Tanatos"]
[Black "chevago04"]
[Result "0-1"]
[WhiteElo "1658"]
[BlackElo "1889"]

1. Nf3 d5 2. e3 a6 3. Nc3 Nc6 4. e4 dxe4 5. Nxe4 h6 6. d4 Bg4 7. d5 Ne5 8. h3
Nxf3+ 9. gxf3 Bc8 10. Bf4 e6 11. dxe6 Bxe6 12. Qxd8+ Rxd8 13. Bxc7 Rc8 14. Nd6+
Bxd6 15. Bxd6 Rxc2 16. Bd3 Rc8 17. O-O Rd8 18. Bc7 Rxd3 19. Rad1 Rxd1 20. Rxd1
Bd7 21. a4 Nf6 22. Rd4 O-O 23. Be5 Bxh3 24. Bxf6 gxf6 25. Rh4 Bd7 26. Rxh6 Kg7
27. Rh4 f5 28. a5 Re8 29. Rd4 Bc6 30. Kg2 Re5 31. Kg3 Rxa5 32. Kf4 Ra4 33. Rxa4
Bxa4 34. Kxf5 Bd1 35. f4 Kf8 36. b4 Ke7 37. Ke5 Bb3 38. Kd4 Kd6 39. f5 Kc6 40.
Kc3 Ba2 41. f4 Kd5 42. Kd3 Bb1+ 43. Kc3 Bxf5 44. Kb3 Ke4 45. Kc4 Kxf4 46. Kc5
Be4 47. Kb6 Ke3 48. Kc5 f5 0-1

[Event "Challenge"]
[Site "http://www.queenalice.com/game.php?id=389892"]
[Date "2008.4.18"]
[Round "-"]
[White "danielsaraujo"]
[Black "chevago04"]
[Result "0-1"]
[WhiteElo "1827"]
[BlackElo "1775"]

1. e3 e6 2. d4 Nf6 3. Bd2 c5 4. Bc3 Nc6 5. Bb5 cxd4 6. exd4 Qb6 7. Bxc6 dxc6 8.
a3 Ne4 9. Qf3 Nxc3 10. Qxc3 c5 11. dxc5 Bxc5 12. Nh3 Bd4 13. Qb4 Qxb4+ 14. axb4
Bxb2 15. Ra2 Be5 16. O-O Bd6 17. Ng5 h6 18. Ne4 Bxb4 19. Rb2 Be7 20. Rd1 O-O 21.
c4 b6 22. Nd6 Rd8 23. Rbd2 Bxd6 24. Rxd6 Rxd6 25. Rxd6 Ba6 26. c5 Rc8 27. h3
Rxc5 28. Nd2 Rd5 29. Ne4 Rxd6 30. Nxd6 f5 31. f4 Kf8 32. Kf2 Ke7 33. Nxf5+ exf5
34. Ke3 Bc4 35. Kd4 b5 36. Kc5 a5 37. Kd4 a4 38. Kc3 a3 39. Kc2 g5 40. fxg5 hxg5
41. g3 Kf6 42. Kc3 f4 43. gxf4 gxf4 44. h4 f3 45. Kb4 a2 46. h5 a1=Q 47. Kc5 f2
48. Kb4 f1=Q 49. h6 Qf2 50. h7 Qab2+ 51. Ka5 Qa3# 0-1

[Event "mais uma chance"]
[Site "http://www.queenalice.com/game.php?id=401200"]
[Date "2008.5.11"]
[Round "-"]
[White "chevago04"]
[Black "orlando"]
[Result "1-0"]
[WhiteElo "1884"]
[BlackElo "1286"]

1. d4 g6 2. Bf4 b6 3. e3 Bg7 4. Nf3 Bb7 5. Nc3 Nf6 6. h3 a5 7. a3 O-O 8. Bd3 c5
9. dxc5 bxc5 10. O-O d6 11. e4 Qb6 12. Rb1 Ba6 13. e5 dxe5 14. Bxe5 Nc6 15. Na4
Qa7 16. Bxa6 Qxa6 17. Nxc5 Qc8 18. Bxf6 Bxf6 19. Nd7 Rd8 20. Nxf6+ Kg7 21. Nd5
e6 22. c4 exd5 23. cxd5 Ne7 24. Qd4+ Kg8 25. Rfd1 Rxd5 26. Qf6 Rxd1+ 27. Rxd1
Qe6 28. Qxe6 fxe6 29. Re1 Kf7 30. Ng5+ Kf6 31. Nxh7+ Kg7 32. Ng5 Nf5 33. Nxe6+
Kh6 34. Rd1 Rc8 35. Rd2 Rc1+ 36. Kh2 Rb1 37. Nf4 Ne7 38. Rc2 Nf5 39. Rc6 Rxb2
40. Rxg6+ Kh7 41. Rg5 Nd4 42. Rxa5 Rxf2 43. Kg3 Rf1 44. Kg4 Nc2 45. a4 Ra1 46.
Nd5 Ne1 47. Nf4 Nc2 48. Kg5 Na3 49. Ne6 Nb1 50. Ra7+ Kg8 51. Kg6 Nc3 52. Ra8#
1-0

[Event "AUTO-OPEN-1155"]
[Site "http://www.queenalice.com/game.php?id=414458"]
[Date "2008.6.7"]
[Round "1"]
[White "chevago04"]
[Black "ronmos14"]
[Result "1-0"]
[WhiteElo "1886"]
[BlackElo "1570"]

1. g3 d5 2. d4 Nc6 3. Bg2 Nf6 4. Nc3 Bf5 5. a3 e6 6. Bf4 Ne4 7. Nxe4 dxe4 8. c3
g5 9. Bc1 h6 10. e3 g4 11. h3 Rg8 12. Ne2 Qd7 13. hxg4 Bxg4 14. Bxe4 O-O-O 15.
f3 f5 16. Bxc6 Qxc6 17. Ng1 h5 18. e4 fxe4 19. fxg4 Rxg4 20. Rxh5 Rxg3 21. Rg5
Bd6 22. Qe2 b6 23. Bd2 Rxg5 24. Bxg5 Rg8 25. Be3 Bg3+ 26. Kd2 Kb7 27. Nh3 Qd5
28. Kc2 Bh4 29. Rg1 Rg3 30. Rxg3 Bxg3 31. Bf4 Bxf4 32. Nxf4 Qf5 33. Qe3 a5 34.
Ne2 a4 35. Ng3 Qd5 36. Qxe4 Qxe4+ 37. Nxe4 Kc6 38. c4 b5 39. cxb5+ Kxb5 40. Kc3
c6 41. Ng5 c5 42. Nxe6 cxd4+ 43. Kxd4 Ka5 44. Kc4 Kb6 45. Kb4 1-0

[Event "AUTO-OPEN-1155"]
[Site "http://www.queenalice.com/game.php?id=414459"]
[Date "2008.6.7"]
[Round "1"]
[White "ronmos14"]
[Black "chevago04"]
[Result "0-1"]
[WhiteElo "1530"]
[BlackElo "1882"]

1. d4 d5 2. Nc3 e6 3. Nf3 g6 4. Bg5 Be7 5. Qd2 h6 6. Bxe7 Nxe7 7. Ne5 Nbc6 8.
Qf4 f5 9. g4 g5 10. Qg3 Nxd4 11. O-O-O Ndc6 12. gxf5 Nxf5 13. Nxc6 Nxg3 14. Nxd8
Nxh1 15. Nxe6 Bxe6 16. Bg2 Nxf2 17. Nxd5 Nxd1 18. Nxc7+ Kd7 19. Nxa8 Ne3 20.
Bxb7 Bd5 21. Bxd5 Nxd5 22. c4 Ne3 23. c5 Rxa8 24. b4 Rb8 25. a3 Nc4 26. e4 Nxa3
27. Kb2 Rxb4+ 28. Kxa3 Rxe4 29. Kb3 Kc6 30. Kc3 Kxc5 0-1

[Event "AUTO-OPEN-1155"]
[Site "http://www.queenalice.com/game.php?id=414460"]
[Date "2008.6.7"]
[Round "1"]
[White "chevago04"]
[Black "PROCURADOR_DA_REPUBLICA"]
[Result "1-0"]
[WhiteElo "1909"]
[BlackElo "1384"]

1. g3 e5 2. Bg2 Nc6 3. Bxc6 bxc6 4. d4 e4 5. f3 exf3 6. Nxf3 c5 7. O-O c4 8. Ne5
Bb7 9. Nxc4 Qg5 10. Bxg5 Be7 11. Bxe7 Nxe7 12. Ne5 O-O 13. Nxd7 Rfd8 14. Nc5 Bc6
15. c3 Rd5 16. Qb3 Nf5 17. e4 Rd6 18. Rxf5 Be8 19. Qb7 Bc6 20. Qxc7 Rf6 21. Rxf6
gxf6 22. Qxc6 Rf8 23. Nd7 Re8 24. Nxf6+ Kg7 25. Nxe8+ Kf8 26. Na3 a6 27. Rf1 1-0

[Event "AUTO-OPEN-1155"]
[Site "http://www.queenalice.com/game.php?id=414461"]
[Date "2008.6.7"]
[Round "1"]
[White "PROCURADOR_DA_REPUBLICA"]
[Black "chevago04"]
[Result "0-1"]
[WhiteElo "1436"]
[BlackElo "1868"]

1. e4 g6 2. Nf3 Bg7 3. d4 d6 4. c3 f5 5. exf5 Bxf5 6. Ng5 h6 7. Nf3 Nf6 8. Be2
a6 9. Qb3 b6 10. Nh4 Qd7 11. Nxf5 gxf5 12. Bd3 e5 13. dxe5 dxe5 14. Be2 b5 15.
O-O Nc6 16. a4 Na5 17. Qa3 Bf8 18. Qa2 b4 19. Bd2 b3 20. Bb5 bxa2 21. Bxd7+ Nxd7
22. c4 axb1=Q 23. Raxb1 Nxc4 24. Bc3 Nc5 25. b3 Ne4 26. bxc4 Nxc3 27. Ra1 Bc5
28. Rac1 Ne2+ 29. Kh1 Nxc1 30. Rxc1 O-O-O 31. g3 Rd2 0-1

[Event "Mais uma (3 x 0)"]
[Site "http://www.queenalice.com/game.php?id=434163"]
[Date "2008.7.16"]
[Round "-"]
[White "chevago04"]
[Black "orlando"]
[Result "1-0"]
[WhiteElo "1907"]
[BlackElo "1367"]

1. g3 g6 2. d4 d5 3. e3 a6 4. c4 c6 5. Nc3 Nf6 6. Qb3 Bg7 7. Bg2 e6 8. Nge2 O-O
9. c5 Re8 10. Na4 e5 11. Nb6 Ra7 12. Nxc8 Qxc8 13. dxe5 Rxe5 14. Qd3 Nbd7 15. b4
Rf5 16. Nd4 Re5 17. O-O a5 18. Qa3 Qa8 19. b5 a4 20. Rb1 Rh5 21. Bf3 Re5 22. Bd2
Ne8 23. b6 Ra6 24. Be2 Ra5 25. Bxa5 Qxa5 26. Qb4 Qxc5 27. Qxc5 Nxc5 28. Nxc6 a3
29. Nxe5 Bxe5 30. Bf3 d4 31. Rb5 dxe3 32. Rxc5 exf2+ 33. Kg2 Bd4 34. Rc8 Kf8 35.
Bxb7 Ke7 36. Bc6 Nd6 37. Rc7+ Kf6 38. Rxf2+ Bxf2 39. Kxf2 Ke5 40. b7 Nxb7 41.
Rxb7 Kf6 42. Be8 h5 43. Rxf7+ Kg5 44. h4+ Kh6 45. Rf6 Kg7 46. Rxg6+ Kf8 47. Kf3
Kxe8 48. Rg7 Kf8 49. Ra7 Kg8 50. Kf4 Kf8 51. Kf5 Ke8 52. Ke6 Kf8 53. Rb7 Ke8 54.
Rb8# 1-0

[Event "Challenge"]
[Site "http://www.queenalice.com/game.php?id=461779"]
[Date "2008.9.11"]
[Round "-"]
[White "orlando"]
[Black "chevago04"]
[Result "0-1"]
[WhiteElo "1422"]
[BlackElo "1866"]

1. g3 d5 2. b3 e6 3. Bg2 Bc5 4. Bb2 Nf6 5. a4 O-O 6. e3 Re8 7. Nf3 Nc6 8. Nc3 d4
9. Ne2 dxe3 10. dxe3 Qxd1+ 11. Rxd1 Nd5 12. h4 f6 13. c4 Bb4+ 14. Nd2 Nde7 15.
O-O Na5 16. Nd4 c6 17. Bc1 e5 18. N4f3 Bg4 19. Ne4 f5 20. Ned2 e4 21. Nxe4 fxe4
22. Rd4 Bxf3 23. Bxf3 exf3 24. Bb2 Nxb3 25. Rg4 g6 26. Bf6 Rf8 27. Bg5 h5 28.
Rf4 Rxf4 29. exf4 Nd2 30. Re1 Re8 31. Rd1 Nxc4 32. Rd4 b5 33. axb5 cxb5 34. Rd7
a5 35. Bf6 Nf5 36. Rd5 Re1+ 37. Kh2 Nh6 38. Rd8+ Kf7 39. Bd4 Ng4+ 40. Kh3 Rh1#
0-1